Statistics for Impossible WW2 trivia

Click here to take the quiz!

General Stats

  • This quiz has been taken 677 times
  • The average score is 3 of 11

Answer Stats

HintAnswer% Correct
Soviet winter war against...Finland
79%
Famous Soviet marshalZhukov
68%
German field marshal that surrenderdPaulus
30%
Largest Naval battle of the PacificLeyte Gulf
23%
Popular US destroyer classFletcher
22%
Wehrmacht self propelled gun first used at KurskFerdinand
17%
Most deadly death campTreblinka
17%
Peleliu is part of which Island areaPalau
14%
Soviet marshal first in charge of the defense of StalingradChuikov
13%
British Jungle fighterChindit
11%
Most decorated US battleship of the warNorth Carolina
8%

Score Distribution

Percentile by Number Answered

Percent of People with Each Score

Your Score History

You have not taken this quiz